00240nam a2200109Ia 4500100002400000654001200024245003200036260003400068082000800102300000800110546001200118 aWolkenstein/ V. S.  aPhysics aProblems in general physics bMir PublishersaMoscowc1975 a530 a376 aENGLISH